| 000 -LEADER |
| fixed length control field |
00951nam a22001817a 4500 |
| 005 - DATE AND TIME OF LATEST TRANSACTION |
| control field |
20250724113024.0 |
| 008 - FIXED-LENGTH DATA ELEMENTS--GENERAL INFORMATION |
| fixed length control field |
250724s2010 en ||||| |||| 00| 0 eng d |
| 020 ## - INTERNATIONAL STANDARD BOOK NUMBER |
| International Standard Book Number |
9781849051262 X |
| 041 ## - LANGUAGE CODE |
| Language code of text/sound track or separate title |
eng |
| 080 ## - UNIVERSAL DECIMAL CLASSIFICATION NUMBER |
| Universal Decimal Classification number |
616.896 Bo-69 |
| 100 ## - MAIN ENTRY--PERSONAL NAME |
| Personal name |
Bo Hejlskov Elvén |
| 9 (RLIN) |
25685 |
| 245 ## - TITLE STATEMENT |
| Title |
No fighting, no biting, no screaming : |
| Remainder of title |
how to make behaving positively possible for people with autism and other developmental / |
| Statement of responsibility, etc. |
Hejlskov Elvén, Bo |
| 264 ## - PRODUCTION, PUBLICATION, DISTRIBUTION, MANUFACTURE, AND COPYRIGHT NOTICE |
| Place of production, publication, distribution, manufacture |
London : |
| Name of producer, publisher, distributor, manufacturer |
Jessica Kingsley, |
| Date of production, publication, distribution, manufacture, or copyright notice |
2010. |
| 300 ## - PHYSICAL DESCRIPTION |
| Extent |
240 p.: |
| Other physical details |
23 cm. |
| 653 ## - INDEX TERM--UNCONTROLLED |
| keyword |
Fighting, biting, screaming and other behaviours that challenge are often triggered by unsuitable surroundings or unrealistic demands. In this fresh and enlightening approach, Bo Hejlskov ElvTn shows how identifying and examining these problem. areas can dramatically improve behaviour in people with autism and other developmental disabilities |
| 653 ## - INDEX TERM--UNCONTROLLED |
| keyword |
მედიცინა |
| 942 ## - ADDED ENTRY ELEMENTS (KOHA) |
| Source of classification or shelving scheme |
|
| Koha item type |
წიგნი |